000 nam a22 a 4500
999 _c1556
_d1556
003 AKMAL
005 20170511091226.0
008 170511s2006 my a e | 001 0 may d
020 _a9831004124 (kkt.) :
_cRM35.00
020 _a9789831004333 (kkt.) :
_cRM35.00
039 9 _a200802210918
_bazma
_c200802201258
_dnooraini
_c200801231209
_dnorsyahiza
_c200709201724
_djalil
040 _aAKMAL
_cAKMAL
043 _aa-my---
049 _aklpmal
082 0 4 _a327.595 FAR
_222
090 2 0 _a327.595
_bFAR
090 0 0 _a327.595
_bFAR
100 0 _aFaridah Jaafar
_93136
245 1 0 _aPerdana Menteri dan dasar luar Malaysia :
_b1957-2005 /
_cFaridah Jaafar
260 _aKuala Lumpur :
_bPenerbit Universiti Malaya,
_c2006
300 _axix, 250ms. :
_bil. ;
_c23cm.
500 _aMengandungi indeks
504 _aBibliografi: ms. 217-236
650 1 0 _aPrime ministers
_zMalaysia
_y1957-2005
_93137
651 0 _aMalaysia
_xForeign relations
_y1957-2005
_93138
651 0 _aMalaysia
_xPolitics and government
_y1957-2005
_93139
942 _2ddc
_cBOOK